|
|
|
|
| LEADER |
00000nab a2200000uu 4500 |
| 001 |
vtls011498499 |
| 003 |
SK-MaSNL |
| 005 |
20260305001558.0 |
| 008 |
230214|2013 xo |||||||||||||||||eng| |
| 015 |
|
|
|a SNBRB
|
| 035 |
|
|
|a (urnnbn)urn:nbn:sk:snk:ar-a0a6k1
|
| 035 |
|
|
|a (uuid)7148c822-6ac2-453b-b8c7-69afac838bd6
|
| 035 |
|
|
|a urn:nbn:sk:snk-abdtiy
|
| 040 |
|
|
|a SNKBUCL
|b slo
|c SNKBUCL
|e AACR2
|
| 041 |
0 |
|
|a eng
|
| 044 |
|
|
|a xo
|c SK
|
| 100 |
1 |
|
|a Dlesk, Anton,
|d 1983-
|4 aut
|9 226938
|
| 245 |
1 |
0 |
|a Effect of growth hormone on bone status in growth hormonedeficient adults
|c A. Dlesk, I. Lazurova, J. Payer, M. Kuzma, P. Vanuga, S. Tomkova, T. Koller, Z. Homerova, Z. Killinger
|
| 700 |
1 |
|
|a Lazúrová, Ivica,
|d 1958-
|4 aut
|9 203142
|
| 700 |
1 |
|
|a Payer, Juraj,
|d 1958-
|4 aut
|9 190344
|
| 700 |
1 |
|
|a Kuzma, M.
|4 aut
|9 1209996
|
| 700 |
1 |
|
|a Vaňuga, Peter,
|d 1966-
|4 aut
|9 193471
|
| 700 |
1 |
|
|a Tomková, Soňa
|4 aut
|9 18626
|
| 700 |
1 |
|
|a Koller, T.
|4 aut
|9 1243708
|
| 700 |
1 |
|
|a Homerova, Z.
|4 aut
|9 1576981
|
| 700 |
1 |
|
|a Killinger, Zdenko,
|d 1960-
|4 aut
|9 190338
|
| 773 |
0 |
|
|t Bratislavské lekárske listy
|g Roč. 114, č. 12 (2013), s. [689]-695
|
| 958 |
|
|
|a OND
|
| 958 |
|
|
|a EUIPO
|
| 958 |
|
|
|a article20
|
| 999 |
|
|
|c 3220213
|d 3222143
|